Thủ tục giám đốc thẩm, tái thẩm theo pháp luật tố tụng hình sự của một số nước /

Saved in:
Bibliographic Details
Main Author: Nguyễn Đức Mai.
Format: Article
Language:Vietnamese
Subjects:
Tags: Add Tag
No Tags, Be the first to tag this record!
Institutions: Thư viện Trường Đại học Đà Lạt
LEADER 00883nam a2200289 4500
001 DLU160177427
005 ##20161103
040 # # |a DLU  |b vie 
041 # # |a vie 
044 # # |a vn 
100 # # |a Nguyễn Đức Mai. 
245 # # |a Thủ tục giám đốc thẩm, tái thẩm theo pháp luật tố tụng hình sự của một số nước /  |c Nguyễn Đức Mai. 
653 # # |a Giám đốc thẩm 
653 # # |a Luật tố tụng hình sự 
653 # # |a Tái thẩm 
653 # # |a Thời hạn 
653 # # |a Thủ tục 
773 # # |t Tạp chí Tòa án nhân dân  |g Số8, 2010, tr. 40-48 
920 # # |a Phòng Tạp chí -- Trung tâm Thông tin - Thư viện Trường Đại học Đà Lạt 
994 # # |a DLU 
900 # # |a True 
911 # # |a Nguyễn Thị Mai Anh 
925 # # |a G 
926 # # |a A 
927 # # |a BB 
980 # # |a Thư viện Trường Đại học Đà Lạt